Le chiffonnier de Paris: Walter Benjamin et les fantasmagories
Gorde:
| Egile nagusia: | |
|---|---|
| Formatua: | Liburua |
| Hizkuntza: | frantsesa |
| Argitaratua: |
París
Librairie Philosophique
2015
|
| Edizioa: | 1a. ed |
| Saila: | Matiere Etrangere
|
| Gaiak: | |
| Etiketak: |
Etiketa erantsi
Etiketarik gabe, Izan zaitez lehena erregistro honi etiketa jartzen!
|
MARC
| LEADER | 00000cam a2200000 a 4500 | ||
|---|---|---|---|
| 001 | UCD0780 | ||
| 003 | CL-VaPUC | ||
| 008 | 151218e20150000fr |||||||||||||||||fre|d | ||
| 020 | |a 9782711626373 | ||
| 082 | 0 | 4 | |a 190 |b BER |2 21 |
| 100 | 0 | |a Berdet, Marc |e author |9 583806 | |
| 245 | 1 | 3 | |a Le chiffonnier de Paris: Walter Benjamin et les fantasmagories |
| 250 | |a 1a. ed | ||
| 300 | |a 192 p | ||
| 942 | |c BK | ||
| 945 | |d 20151218 14:15:00 |a dcastane | ||
| 260 | |a París |b Librairie Philosophique |c 2015 | ||
| 600 | 0 | |a Benjamin, Walter |d 1892-1940 |9 269121 | |
| 650 | 0 | |a Filosofía contemporánea |9 265372 | |
| 650 | 0 | |a Vida intelectual |y Siglo 20 |9 322993 | |
| 583 | |a last modification |c 20151218 14:15:00 |k Rodrigo Vera | ||
| 490 | 0 | |a Matiere Etrangere | |
| 999 | |c 362233 |d 362231 | ||
| 952 | |0 0 |1 0 |3 erb |4 0 |6 190_000000000000000_BER_2015 |7 0 |8 A |9 473232 |a BIBART |b BIBART |i 5257360 |o 190 BER 2015 |p 5257360 |r 2025-03-13 |w 2019-11-24 |y BK |z Catalogado en:20151218 |k ART | ||